Statistics for Guyana... or French Guiana

Click here to take the quiz!

General Stats

  • This quiz has been taken 434 times
    (425 since last reset)
  • The average score is 10 of 15

Answer Stats

QuestionAnswer% Correct
Is not a countryFrench Guiana
95%
Speaks EnglishGuyana
88%
Is the larger of the twoGuyana
85%
Its capital is CayenneFrench Guiana
83%
Has the larger population of the twoGuyana
79%
Borders SurinameBoth
77%
Is not part of the European UnionGuyana
77%
Has a higher GDP per capita of the twoFrench Guiana
67%
Holds part of the Amazon RainforestBoth
62%
Its capital city borders the Atlantic OceanBoth
53%
Has a higher GDP of the twoFrench Guiana
53%
Has one of the 6 lowest population densities in the worldFrench Guiana
45%
Loses around 4.8 migrants for every 1,000 peopleGuyana
43%
A river flows through its capital cityBoth
42%
Is part of Latin AmericaFrench Guiana
31%

Score Distribution

Percentile by Number Answered

Percent of People with Each Score

Your Score History

You have not taken this quiz since the last reset